| 000 | 00374nam a2200133Ia 4500 | ||
|---|---|---|---|
| 008 | 170221s9999 xx 000 0 und d | ||
| 100 | _aLena Marie Rehnen | ||
| 245 | _aExit Strategies of Loyalty Programs | ||
| 245 | _cLena Marie Rehnen | ||
| 260 | _c2013 | ||
| 300 | _a12 : | ||
| 650 | _xBusiness | ||
| 856 | _uhttp://www.jbm-online.net/index.php/jbm/article/view/152/111 | ||
| 999 |
_c313315 _d313315 |
||